| 000 | 00369nam a22001577a 4500 | ||
|---|---|---|---|
| 003 | OSt | ||
| 005 | 20250324124941.0 | ||
| 008 | 250324b |||||||| |||| 00| 0 eng d | ||
| 020 | _a9789355321770 | ||
| 040 | _c | ||
| 082 |
_25 _a621.3815 _bJAI |
||
| 245 |
_aModern Digital Electronics _cJain,R.P |
||
| 250 | _a5 | ||
| 260 |
_bMcgraw Hill _c2022 |
||
| 942 |
_2ddc _cBK _e5 _n0 |
||
| 999 |
_c36215 _d36215 |
||